00749nam a2200241Ia 4500003000400000005001700004006001800021007000300039008004100042024001000083037001800093040001800111041001300129100002400142110007100166245012100237260000900358650001400367700002400381700007100405942001200476999001900488OSt20220930203934.0a|||||r|||| 00| 0ta220926b |||||||| |||| 00| 0 eng d a81120 cDissertations aCRLcCRLbeng 2engaeng aRoll No. 109563637 aUniversity of Delhi. Faculty of Education. Department of Education 0aSubject preference and attitude patterns of Class X pupils in Delhi with regard to certain secondary school subjects c1959 aEDUCATION a Shri P. K. Roy Gu. aUniversity of Delhi. Faculty of Education. Department of Education cDIS2CC c905354d905354